Waterfowl of Iowa - Statistics

General Stats
  • This quiz has been taken 14 times
  • The average score is 18 of 31
Answer Stats
Picture Answer % Correct
Mallard
91%
Wood Duck
91%
Canada Goose
82%
Common Loon
82%
American White Pelican
73%
American Coot
64%
Hooded Merganser
64%
Northern Pintail
64%
Northern Shoveler
64%
Ross's Goose
64%
Snow Goose
64%
Trumpeter Swan
64%
Blue-winged Teal
55%
Bufflehead
55%
Cackling Goose
55%
Green-winged Teal
55%
Redhead
55%
Ruddy Duck
55%
Tundra Swan
55%
American Widgeon
45%
Canvasback
45%
Common Goldeneye
45%
Common Merganser
45%
Double-breasted Cormorant
45%
Gadwall
45%
Greater Scaup
45%
Lesser Scaup
45%
Pied-billed Grebe
45%
Red-breasted Merganser
45%
White-fronted Goose
45%
Eared Grebe
36%
No matching quizzes found
Score Distribution
Percent of People with Each Score
Percentile by Number Answered
Your Score History
You have not taken this quiz